| 000 | 00406nam a2200157 i 4500 | ||
|---|---|---|---|
| 001 | bg | ||
| 100 | 1 | _aŁOŚ, Witold | |
| 245 | 0 |
_aMateriały do zajęć z geometrii wykreślnej / _cWitold Łoś, Kazimierz Zawiślak. |
|
| 250 | _aWyd.2. | ||
| 260 |
_aBydgoszcz, _c1981. |
||
| 700 | 1 | _aZAWIŚLAK, Kazimierz | |
| 040 | _cBPK | ||
| 041 | _apol | ||
| 942 | _cKS | ||
| 008 | s pl f |000 0 pol | ||
| 999 |
_c20557 _d20557 |
||
| 856 |
_uhttp://koha.tu.koszalin.pl/cgi-bin/koha/opac-detail.pl?biblionumber=20557 _yKatalog online BPK |
||